Las Palabras son puentes : a Octavio Paz en sus ochenta años.

Bibliographic Details
Other Authors: Paz, Octavio, 1914-1998
Format: Book
Language:Spanish
Published: México, D.F. : Vuelta, [1994]
Edition:1a ed.
Subjects:

MARC

Tag First Indicator Second Indicator Subfields
LEADER 00000cam a2200000 a 4500
001 in00001236331
005 20151003062307.0
008 950324s1994 mx 010 0 spa d
020 |a 968622999X (pbk.) 
035 |a (OCoLC)32195247 
035 |9 AGS7337AM 
040 |a YSM  |c YSM  |d TXA  |d UtOrBLW 
049 |a TXAM 
090 |a PQ7297.P285  |b Z8865 1994 
245 0 4 |a Las Palabras son puentes :  |b a Octavio Paz en sus ochenta años. 
250 |a 1a ed. 
264 1 |a México, D.F. :  |b Vuelta,  |c [1994] 
300 |a 225 pages ;  |c 22 cm. 
336 |a text  |b txt  |2 rdacontent 
337 |a unmediated  |b n  |2 rdamedia 
338 |a volume  |b nc  |2 rdacarrier 
600 1 0 |a Paz, Octavio,  |d 1914-1998  |x Poetry. 
700 1 |a Paz, Octavio,  |d 1914-1998. 
999 |a MARS 
999 f f |s dc4e2dd7-1f22-3d98-98e3-69bbd3a8cc56  |i 43c883ec-33d4-373a-92b0-87e8bc59d7e5  |t 0 
952 f f |p normal  |a Texas A&M University  |b College Station  |c Sterling C. Evans Library  |d Evans: Library Stacks  |t 0  |e PQ7297.P285 Z8865 1994  |h Library of Congress classification  |i unmediated -- volume  |m A14819361266 
998 f f |a PQ7297.P285 Z8865 1994  |t 0  |l Evans: Library Stacks